[Event "Tbilisi FIDE GP"]
[Site "Tbilisi"]
[Date "2015.02.26"]
[Round "10"]
[White "Andreikin, Dmitry"]
[Black "Tomashevsky, Evgeny"]
[Result "1/2-1/2"]
[WhiteElo "2737"]
[BlackElo "2716"]
[Annotator "Krasenkow,M"]
[PlyCount "93"]
[EventDate "2015.02.15"]
[EventType "tourn"]
[EventRounds "11"]
[EventCountry "GEO"]
[EventCategory "20"]
[SourceTitle "CBM 165"]
[Source "ChessBase"]
[SourceDate "2015.03.11"]
[SourceVersion "1"]
[SourceVersionDate "2015.03.11"]
[SourceQuality "1"]

1. d4 d5 2. c4 e6 3. Nc3 c6 4. Nf3 dxc4 5. a4 Bb4 6. e3 b5 7. Bd2 a5 8. axb5
Bxc3 9. Bxc3 cxb5 10. b3 Bb7 11. bxc4 b4 12. Bb2 Nf6 13. Bd3 O-O 14. O-O Nbd7
15. Nd2 Qc7 ({The immediate} 15... e5 {is simple and good (see my survey in
CBM 148). However, the text move is not bad either.}) 16. f4 {White prevents ..
.e6-e5 but allows the advance of Black's queenside pawns. The line is examined
in CBM 155, annotations to Hammer - Nakamura.} a4 $1 17. Rb1 Rfd8 18. Qe2 b3
19. Ba1 (19. Ra1 {(my recommendation from CBM 155) was tested in the following
game:} Nb8 ({Black has other options worth trying, e.g.} 19... Nf8) 20. f5 $1
Nc6 21. fxe6 fxe6 22. Ne4 Nxe4 23. Bxe4 Nb4 24. Bb1 Ba6 25. Rc1 Bb7 26. Rf1 (
26. Ba3 $5) 26... Rdc8 $2 (26... Ba6) 27. Qg4 Re8 {1-0 (27) Sjugirov,S (2666)
-Dreev,A (2649) Rostov on Don 2014 - the further score is unavailable but
White is already clearly better. The line needs further exploration but in any
case I think it is better than 19.Ba1.}) 19... Nf8 {A rare continuation. After
the game Evgeny Tomashevsky admitted that he didn't expect the line and could
not recall theoretical recommendations.} (19... Qb6 20. e4 (20. Kh1 Nf8 21. f5
Re8 22. e4 exf5 23. Rxf5 Rad8 24. d5 N6d7 25. e5 Ng6 $13 {1-0 (38) Yevseev,D 
(2557)-Zinchenko,Y (2501) Cappelle la Grande 2006}) 20... Nf8 21. e5 Ng4 $1 22.
c5 (22. Qxg4 $2 Rxd4) 22... Qb4 23. Nc4 Nh6 $13 {D.Yevseev}) (19... Qd6 $5 20.
e4 Nc5 21. e5 Qc6 22. exf6 Nxd3 {0-1 (33) Hammer,J (2608)-Nakamura,H (2775)
Stavanger 2013 CBM 155 [Krasenkow,M]} 23. Rf3 $1 b2 (23... Nb4 24. Qe5 g6 25.
Qg5 Qe8 26. Rh3 $40 {M.Golubev}) 24. Rxd3 bxa1=Q 25. Rxa1 gxf6 26. f5 $13) (
19... Nb8 $5 {[%cal Yb8c6]} 20. f5 (20. d5 Nbd7 21. e4 {0-1 (51) Duzhakov,I 
(2267)-Kosov,I (2405) Peterhof 2008} exd5 22. cxd5 Qb6+ 23. Kh1 Ba6 $15) (20.
e4 Nc6 21. d5 Nb4 22. Rf3 (22. Bxf6 gxf6 $13 {V.Malakhov}) 22... exd5 23. exd5
Qb6+ 24. Qf2 $2 (24. Kh1 Nxd3 25. Rxd3 Bc8 $13 {V.Malakhov}) 24... Qxf2+ 25.
Kxf2 Nfxd5 $1 $17 {0-1 (39) Cramling,P (2488)-Turova,I (2413) Dresden 2004})
20... Nbd7 {[%cal Ye6e5]} (20... Nc6 21. fxe6 fxe6 22. Rxf6 gxf6 23. Qg4+ Qg7
24. Qxe6+ Kh8 25. Be4 Re8 26. Qh3 $13 {1/2 (34) Jakovljevic,V (2461)-Delabaca,
R (2164) Kemer 2007}) 21. fxe6 fxe6 22. Nf3 (22. c5 $5 {[%cal Yd2c4]}) 22...
Be4 23. Ng5 Bxd3 24. Qxd3 Ne5 25. Qc3 Neg4 26. Rf4 {0-1 (46) Har Zvi,R (2510)
-Kantsler,B (2475) Tel Aviv 1996 CBM 053 [Kantsler]} Qa5 $1 27. Qxa5 Rxa5 28.
Nxe6 Rb8 $17) 20. e4 (20. f5 e5 21. dxe5 {0-1 (31) Soppe,G (2480)-Varela,G 
(2290) Boca 1997} N6d7 $1 22. e6 Nc5 $36) 20... N6d7 (20... Qb6 $5 {- see
above. However, the text move, anticipating e4-e5 or f4-f5 and preparing ...
f7-f5 in some situations, is hardly worse.}) 21. Kh1 (21. f5 $6 e5 $1) (21. e5
f5 $1) 21... Re8 22. Qg4 Ng6 23. Qg3 Rad8 {Black has centralised his pieces
and is now prepared for any action.} 24. Bb2 Qd6 {[%cal Rd7c5,Ra4a3]} 25. Ra1
Qb4 (25... Nc5 {can now be met with} 26. e5 Qd7 27. Bb1) 26. Qe3 f5 $1 {Timely!
} 27. e5 (27. exf5 $5 exf5 28. Qf2 Nf6 29. d5 $13 ({but not} 29. Bxf5 $2 Nh4 $1
30. Bh3 Nxg2 31. Bxg2 Ng4 32. Qg3 Bxg2+ 33. Qxg2 Ne3 34. Qf2 Nxf1 35. Nxf1 Qxc4
)) 27... Qb6 {It is very difficult for both sides to make progress so they
should manoeuvre to provoke the opponent's mistake.} (27... Bc6 {[%cal Yb4b7]
was probably a more appropriate arrangement.}) 28. Rg1 (28. c5 Qc6 (28... Qc7
29. Nc4) 29. Qe2 $5 {leads to interesting complications:} Nxc5 30. Bb5 Ba6 31.
Bxc6 Bxe2 32. Bxe8 Bxf1 33. Nxf1 Nd3 34. Bxa4 Nxb2 35. Bxb3 Nxf4 36. Ne3 $1
Rxd4 37. Nxf5 Rd3 38. Ra8+ Kf7 39. Nd6+ Ke7 40. Ra7+ Kd8 41. Rb7 {(S.
Zagrebelny)} Re3 42. h3 Rxe5 43. Rxg7 Re2 {, and Black should reach a draw.})
28... Bc6 29. h3 Nb8 30. Kh2 Na6 31. g4 Nb4 32. gxf5 Nxd3 33. Qxd3 exf5 {
Black has eliminated White's bishop pair but unblocked White's central pawns.
Black should be ready to sacrifice a piece for them. However, White's king is
unsafe, and Black's queenside pawns are still very strong, which will
guarantee him a sufficient compensation. The position is extremely complicated,
and even top players can't avoid serious mistakes.} 34. Qe3 Nf8 $6 {Hardly an
appropriate retreat.} (34... Re7 $1 35. Nf1 Qa6 36. d5 Qxc4 37. dxc6 Qxc6 $44 {
[%cal Ye7d7] sacrificing a piece in a much better version.}) 35. Nf1 $1 Qb4 36.
d5 Qxc4 $6 (36... Bxd5 $142 37. cxd5 Rxd5 {but White still keeps some winning
chances after} 38. Qa7 (38. e6 $143 Nxe6 39. Bxg7 Qxf4+ 40. Qxf4 Nxf4) 38...
Qxf4+ 39. Rg3 Ne6 40. Qxa4 Qxa4 41. Rxa4) 37. dxc6 Ne6 38. Qc1 (38. c7 $1 {
, destroying Black's setup was impossible to find under time pressure:} Rc8 (
38... Nxc7 39. Rxg7+ $3 Kxg7 40. Rc1) (38... Qxc7 39. Rxa4) (38... Rd3 39. Rxa4
$1) 39. Ng3 {- in all variations White should win.}) 38... Qb4 (38... Qb5 $142)
39. Ba3 (39. c7 $1 {still led to a winning position:} Rc8 40. Qc6 $1 Qxf4+ 41.
Ng3 {[%cal Ra1a4]}) 39... Qb6 40. c7 {Too late now.} (40. Ng3 $142) 40... Rc8
41. Qe3 Qxc7 42. Ng3 Qc2+ $6 {This forcing continuation is not quite correct.}
(42... Qf7 $5 $44) 43. Rg2 Rc3 {[%mdl 2048]} 44. Nxf5 $6 {Exhausted, White
decides to force a draw.} (44. Rxc2 Rxe3 45. Rc4 {hardly gives him any chances,
e.g.} Rd8 46. Rg1 Nd4 $5 47. Kh1 (47. Kg2 Rd3 {[%cal Rd3d2]}) 47... Nf3 48.
Nxf5 Re2 49. Nh6+ Kh8 50. Nf7+ $11) ({However,} 44. Qa7 $1 {was very strong:}
Qd3 45. Rc1 $1 (45. Rf1 Rc2 46. Rxc2 bxc2 47. Qxa4 Rc8 {is less clear}) ({or} 
45. Qxa4 Rec8 {[%cal Rc3c2,Re6d4]}) ({but} 45. Bb2 Rc2 46. Rag1 $16 {is quite
strong, too} Nxf4 $140 $2 47. Qxa4) 45... Rxc1 46. Bxc1 {(chess-news.ru)} Rc8
47. Qe7 Nd4 48. h4 $1 {, and White should win.}) 44... Rxe3 45. Nh6+ (45. Rxc2
Rf3 {was too risky.}) 45... Kh8 46. Nf7+ Kg8 47. Nh6+ 1/2-1/2

[Event "Tbilisi FIDE GP"]
[Site "Tbilisi"]
[Date "2015.02.15"]
[Round "1"]
[White "Kasimdzhanov, Rustam"]
[Black "Grischuk, Alexander"]
[Result "0-1"]
[WhiteElo "2705"]
[BlackElo "2810"]
[Annotator "Krasenkow,M"]
[PlyCount "70"]
[EventDate "2015.02.15"]
[EventType "tourn"]
[EventRounds "11"]
[EventCountry "GEO"]
[EventCategory "20"]
[SourceTitle "CBM 165"]
[Source "ChessBase"]
[SourceDate "2015.03.11"]
[SourceVersion "1"]
[SourceVersionDate "2015.03.11"]
[SourceQuality "1"]

1. d4 d5 2. c4 e6 3. Nc3 Bb4 4. Nf3 dxc4 5. e3 b5 6. a4 c6 7. Bd2 a5 8. axb5
Bxc3 9. Bxc3 cxb5 10. b3 Bb7 11. bxc4 b4 12. Bb2 Nf6 13. Bd3 Nbd7 14. O-O O-O
15. Re1 Ne4 16. c5 {This is one of the main lines of the Noteboom system,
which was thoroughly examined in CBM 148 and my Semi-Slav DVD.} Bc6 {Perhaps 
(and contrary to my previous conclusions) this move is not worse than} (16...
Qc7) 17. Qc2 f5 18. Bc4 Qe7 {I thought this is not the best place for Black's
queen but in fact, it can help Black's kingside counterplay in some cases.} 19.
Bb3 {[%cal Yb3a4]} (19. Qb3 Kh8 $1 20. Bxe6 $2 Ndxc5 21. dxc5 Nxc5 22. Qc4 Bxf3
23. Bxf5 Rxf5 24. gxf3 Rxf3 $19 {0-1 (47) Bykhovsky,A (2375)-Galkin,A (2590)
playchess.com INT 2007}) 19... Kh8 (19... Rfc8 20. Ra2 (20. Ba4 $5) 20... Nexc5
$6 (20... Rc7 $142 21. Rc1 Rca7 22. Ba4 Bd5 23. Raa1 $14 {B.Avrukh}) 21. dxc5
Nxc5 22. Bc4 Be4 23. Qd2 $1 Bxf3 24. gxf3 Ne4 $1 25. fxe4 Rxc4 26. Qd3 Rxe4 27.
f3 Rh4 28. Be5 $1 $14 {[%cal Ga2g2] 1-0 (38) Avrukh,B (2582)-Moreno Tejera,E 
(2365) Andorra 2002 CBM 089 ext [Avrukh,B]}) (19... Ra7 20. Rec1 $5 (20. Ra2
Rfa8 21. Rea1 a4 22. Rxa4 (22. Bxa4 $6 Bd5) 22... Bxa4 23. Rxa4 Rxa4 24. Bxa4
Ndf6 25. Bb3 Nd5 26. Ne5 Qb7 27. f3 Nec3 $132 {1/2 (36) Eriksson,J (2474)
-Matros,A (2573) Sweden 2000}) (20. Ba4 Bxa4 21. Rxa4 (21. Qxa4 Ndf6 22. Qb5
Qc7 23. Ne5 Ng4 $1 $132 {0-1 (31) Bas Fortuny,M (2293)-Sprenger,E (2440) ICCF
Postal 2003}) 21... Rfa8 22. Rea1 Qe8 $1 (22... Qd8 {0-1 (41) Sebenik,M (2430)
-Pavasovic,D (2586) Celje 2003} 23. Qc4 $1) 23. Ne1 (23. Qc4 $6 Ndf6 24. Ne5
Nd5 25. Qb3 Nec3 26. Bxc3 Nxc3 $17 {0-1 (55) Azmaiparashvili,Z (2673)-Galkin,A
(2587) Saint Vincent 2000}) 23... Nb8 24. Nd3 (24. f3 Nf6 25. Nd3 Nc6 26. Qb3
Qd7 27. Bc1 Rd8 28. Bd2 Nd5 $13 {1-0 (41) Sebenik,M (2426)-Reefschlaeger,H 
(2299) Salzburg 2004}) 24... Nc6 25. Qe2 Nf6 $13 (25... g5 26. f3 Nf6 27. e4
fxe4 28. fxe4 Qg6 29. Re1 Rf8 30. Raa1 Raf7 31. h3 Rd8 32. Nf2 g4 33. hxg4 Rdf8
34. Qd1 Rd8 35. Qa4 $14 {1-0 (47) Persson,C (2511)-Haugen,A (2555) ICCF 2001}))
20... Rfa8 21. Ba4 Bxa4 22. Qxa4 Qe8 23. Ne1 Nef6 (23... Ndf6 $5) 24. Nd3 Nd5
25. Re1 Qc8 26. f3 Qa6 27. Rad1 Rf8 28. e4 $14 {1/2 (38) Peralta,F (2546)
-Bellini,F (2499) Badalona 2006}) (19... g5 $5 {is very interesting, e.g.} 20.
Ba4 (20. Rec1 g4 21. Ne1 Ndf6 22. Ra2 Nd5 23. Rca1 {0-1 (53) Brain
Damage-Klosterfrau playchess.com INT 2007} Rf6 $1 24. Rxa5 Rxa5 25. Rxa5 Rh6
$40) 20... Bxa4 21. Rxa4 {- Black's blockade has been lifted but his kingside
counterplay is strong enough:} g4 22. Nd2 Nxd2 23. Qxd2 Nf6 $132 {If this
position is OK for Black then 16...Bc6 is definitely playable.}) 20. Red1 (20.
Rec1 $5 f4 $5 (20... Qe8) 21. Re1 (21. Ba4 Bxa4 22. Rxa4 Ng5 23. Nxg5 Qxg5 $13)
21... Ng5 22. e4 Nxf3+ 23. gxf3 Qg5+ 24. Kh1 Qh5 25. Qd1 $13 {1-0 (39)
Svetushkin,D (2594)-Saptarshi,R (2385) Imperia 2011}) 20... Qe8 {A standard
move but it doesn't exploit the merits of the position of Black's queen on e7.}
(20... f4 $5 {was interesting here.}) 21. Ba4 Bxa4 $6 {This move just helps
White to attack the a5-pawn.} (21... Qc8 $142) 22. Rxa4 Ndf6 23. Rda1 Qb5 (
23... Ng4 24. Rxa5 Rxa5 25. Rxa5 Ngxf2 26. c6 $16) 24. Ne5 Ng4 (24... Nd5 {
is not enough due to} 25. Qd3 $1 Rfb8 (25... Qxd3 26. Nxd3 {[%cal Ra4a5]}) 26.
Qxb5 Rxb5 27. Nc6 $16 {[%csl Ra5]}) 25. Nxg4 $2 ({Here, too,} 25. Qd3 $1 {
was called for:} Qb7 (25... Rfb8 26. Qxb5 Rxb5 27. Nd3 {[%cal Rf2f3,Rd3b4]})
26. c6 $1 Nxe5 27. cxb7 Nxd3 28. bxa8=Q Rxa8 29. Rxa5 Rg8 30. Bc1 $16 {
Chesspro.ru}) 25... fxg4 (25... b3 $5 26. Qd1 fxg4 27. d5 $1 $13) 26. Qxe4 Qe2
27. Rf1 (27. f4 $5 gxf3 28. gxf3 Ra6 $3 (28... Qxb2 $143 29. Qd3 $1 Rxf3 30.
R4a2 Qc3 31. Qxc3 bxc3 32. Rxa5) 29. Bc3 $3 (29. Rb1 e5 $1 30. c6 Rf6) (29.
R4a2 b3 30. Ra3 e5 $1) 29... bxc3 30. R4a2 Qc4 31. Rc2 Rb8 32. Rac1 Rb3 33. Rd1
$14 {[%cal Yd4d5,Ye4d3]}) 27... Qxb2 28. Qxe6 (28. Qxg4 $5 b3 29. Qd1 Qc3 30.
Qc1 Qd3 31. Qb2 Qb5 32. Rfa1 e5 33. dxe5 Rfb8 $11 {Chesspro.ru}) 28... b3 29.
Qc4 (29. Qxg4 Qc3 $13 {[%cal Yb3b2]}) 29... Rf6 $1 {[%cal Ra8f8]} 30. Qc1 Qe2
31. c6 $4 {[%mdl 16384] This move unexpectedly loses. White probably simply
misevaluated the position and underestimated the danger.} (31. Qc4 $1 {was the
right continuation although after} Qb2 {[%cal Ya8f8] Black's counterplay is
enough for equality} (31... Qxc4 $143 32. Rxc4 a4 33. Rb4)) 31... b2 32. Qc4 $8
{The only way to protect both the c6-pawn and the 1st rank.} Qd2 $1 {[%cal
Rf6f2]} 33. c7 Rc8 34. Qb3 Rcf8 $1 35. Qd1 Rxf2 $1 0-1

[Event "EU-chT (Men) 21st"]
[Site "Heraklion"]
[Date "2017.10.29"]
[Round "2.1"]
[White "Wojtaszek, Radoslaw"]
[Black "Nikolaidis, Ioannis"]
[Result "1/2-1/2"]
[WhiteElo "2737"]
[BlackElo "2519"]
[Annotator "Krasenkow,M"]
[PlyCount "96"]
[EventDate "2017.10.28"]
[EventType "team-swiss"]
[EventRounds "9"]
[EventCountry "GRE"]
[SourceTitle "CBM 182"]
[Source "ChessBase"]
[SourceDate "2018.01.17"]
[SourceVersion "1"]
[SourceVersionDate "2018.01.17"]
[SourceQuality "1"]
[WhiteTeam "Poland"]
[BlackTeam "Greece II"]
[WhiteTeamCountry "POL"]
[BlackTeamCountry "GRE"]

1. d4 d5 2. c4 e6 3. Nc3 a6 4. cxd5 exd5 5. Qb3 $5 c6 (5... Nf6 6. Bg5 c6 7.
Nf3 Be7 8. e3 {[%cal Yf1d3] leads to a popular position often arising from
other move orders, which is slightly better for White.}) (5... Nc6 6. Nf3 Bb4 (
6... Be6 7. Bf4 Bb4 8. e3 Nge7 9. Bd3 O-O 10. O-O Bd6 11. Bxd6 Qxd6 12. Rac1 h6
13. Na4 b6 14. a3 $14 {0-1 (69) Kryakvin,D (2554)-Grachev,B (2628) Sochi 2016})
7. Bf4 Nge7 8. e3 O-O (8... Bf5 9. Be2 O-O 10. O-O Kh8 11. Rac1 Bd6 12. Bxd6
Qxd6 13. Na4 Nd8 14. Nc5 c6 15. Qc3 Bg4 16. Rfe1 Bxf3 17. Bxf3 f5 18. b4 $14 {
1/2 (52) Svane,R (2573)-Rakhmanov,A (2676) Minsk 2017}) 9. Bd3 Bd6 10. Bg5 (10.
Bxd6 $142) 10... Be6 11. a3 Qd7 12. Qc2 h6 13. Bh4 Nf5 14. O-O Nxh4 15. Nxh4
Ne7 16. Na4 Qc6 17. Qb3 Bd7 18. Nc3 Qb6 19. Qxb6 cxb6 20. Bc2 b5 $13 {1/2 (48)
Matlakov,M (2714)-Timofeev,A (2555) Sochi RUS 2017}) (5... c5 $5 {is the
latest discovery by GM L-D.Nisipeanu:} 6. Nxd5 Nc6 7. Nf3 cxd4 8. e4 dxe3 9.
Qxe3+ Be6 10. Nf4 Bb4+ 11. Bd2 Bxd2+ 12. Nxd2 Qd4 13. Nxe6 Qxe3+ 14. fxe3 fxe6
$11 {1/2 (24) Martinovic,S (2564)-Nisipeanu,L (2673) Austria 2017}) 6. e4 Bd6 {
Hardly a good novelty. The resulting pawn structure is favourable to White.} (
6... dxe4 7. Bc4 Qe7 8. a4 Nf6 9. Nge2 g6 (9... Bf5 10. O-O Bg6 11. f4 exf3 12.
Rxf3 Qd7 13. Nf4 Bd6 14. Re3+ Kf8 15. Rf3 $16 {1-0 (23) Schlechter,C-Janowski,
D Monte Carlo 1902}) 10. O-O Bg7 11. Ng3 O-O 12. Re1 b5 13. axb5 cxb5 14. Bxb5
Qb7 15. Ba4 Qxb3 16. Bxb3 Nc6 17. Rd1 (17. d5 $5) 17... Bg4 18. Nge2 {1/2 (18)
Svidler,P (2751)-Erdos,V (2628) Tbilisi 2017}) 7. e5 Bc7 8. f4 Nh6 9. Bd3 Bb6
10. Nge2 $6 {[%mdl 32] Not the best arrangement of pieces; after thisd White's
knights can't restore co-ordination till the end of the game!} (10. Nf3 $142
$14 {[%cal Yc3e2]}) 10... Bf5 11. Qc2 Qh4+ 12. Ng3 g6 13. Be3 Bxd3 14. Qxd3 Nf5
15. O-O-O Nxe3 16. Qxe3 Nd7 17. f5 {This break looks dangerous but Black
contains it successfully.} O-O-O 18. Rhf1 Rhe8 19. Qd3 Kb8 20. Kb1 Bc7 21. Rde1
Nb6 22. Nce2 Nc4 23. b3 Na3+ 24. Kb2 Qe7 25. Rc1 Nb5 26. a4 $6 {After this
inaccurate move Black seizes the initiative with a clever piece sacrifice.} (
26. Nc3 Nxc3 27. Rxc3 Bb6 $132) 26... Qa3+ 27. Kb1 Nxd4 $1 {[%mdl 512]} 28.
Nxd4 Bxe5 $44 {[%csl Rb1]} 29. Rf2 c5 30. Ra2 Qb4 31. Nc2 Qh4 32. Nf1 c4 33.
Qf3 Rd6 (33... g5 $5 $36) 34. a5 Rc8 35. Nb4 Rc5 36. Ra4 Qd4 37. Qe2 $6 (37.
Nd3 $1 Bf6 38. Qe3) 37... f6 38. Rd1 Qc3 39. Qc2 Qxc2+ {After this move White
manages to consolidate his position.} (39... Rb5 $142 $1 40. Qxc3 Bxc3 41. Na2
Rxb3+ 42. Kc2 Be5 $17) 40. Kxc2 gxf5 41. Nd2 cxb3+ 42. Kxb3 Rc3+ 43. Ka2 Bxh2
44. Nf3 Be5 45. Ra3 Rc4 46. Kb3 Rc3+ 47. Ka2 Rc4 48. Kb3 Rc3+ 1/2-1/2

[Event "Gibraltar Masters 16th"]
[Site "Caleta"]
[Date "2018.01.27"]
[Round "5"]
[White "Batsiashvili, Nino"]
[Black "Sethuraman, SP."]
[Result "1-0"]
[WhiteElo "2504"]
[BlackElo "2646"]
[Annotator "Krasenkow,M"]
[PlyCount "93"]
[EventDate "2018.01.23"]
[EventType "swiss"]
[EventRounds "10"]
[EventCountry "GGB"]
[SourceTitle "CBM 183"]
[Source "ChessBase"]
[SourceDate "2018.03.14"]
[SourceVersion "1"]
[SourceVersionDate "2018.03.14"]
[SourceQuality "1"]

1. d4 e6 2. c4 d5 3. Nc3 c6 4. Nf3 dxc4 5. e4 b5 6. Be2 {This quiet
development is rather harmless.} Bb7 7. O-O Nf6 8. e5 Nd5 9. Ne4 h6 {A typical
move preventing Bc1-g5 (as well as Nf3-g5). White has some compensation for
the pawn but not more.} 10. Bd2 (10. b3 c3 $1 11. a3 Be7 (11... a5 $142 $1 $15)
12. Qc2 Nd7 13. Nxc3 Nxc3 14. Qxc3 O-O 15. Rd1 Nb6 16. Nd2 Nd5 17. Qg3 Bh4 {
1/2 (19) Grishchenko,S (2456)-Skatchkov,P (2486) Tula 2009}) (10. a4 $5 a6 11.
Bd2 Nd7 12. b3 c5 13. axb5 axb5 14. bxc4 bxc4 15. dxc5 Nxc5 $11 16. Bxc4 $2
Nxe4 17. Bb5+ Ke7 18. Qc2 Rxa1 19. Rxa1 Qb6 20. Qxe4 Qxb5 21. Qd4 Kd7 $19 {
0-1 (27) Alatortsev,V-Kotov,A Moscow (Russia) 1948}) 10... Nd7 {Black prepares
the typical freeing move ...c6-c5.} (10... Be7 11. b3 cxb3 12. axb3 O-O 13. Ba5
Qd7 14. Nc5 Bxc5 15. dxc5 Qe7 (15... b4 $142 {[%cal Yb7a6]}) 16. b4 $44 {
0-1 (67) Batsiashvili,N (2472)-Zawadzka,J (2422) Heraklio 2017}) 11. b3 cxb3 (
11... c5 {is possible at once:} 12. bxc4 (12. dxc5 Bxc5 {[%cal Ye8g8]}) 12...
N5b6 $1 13. Nxc5 Nxc5 14. dxc5 Nxc4 15. Qb3 Qd7 {and Black should equalise.
The text move is more ambitious.}) 12. axb3 a5 13. Re1 Qb6 14. Bd3 c5 $1 15.
Qe2 b4 16. dxc5 (16. Bb5 cxd4) 16... Bxc5 17. Rec1 Be7 $6 (17... O-O {was
quite possible. If} 18. Bb5 {then} Nc3 $1 19. Nxc3 (19. Bxc3 Bxe4 20. Bxd7 Bxf3
21. Qxf3 bxc3 22. Rxc3 Bd4 23. Rc6 Qa7 $17) 19... bxc3 20. Rxc3 (20. Bxc3 Bxf2+
$1) 20... Bxf3 21. Rxf3 Nxe5 22. Rg3 Bxf2+ $1 23. Qxf2 Qxb5 24. Bxh6 Ng6 $17)
18. Be3 (18. Bb5 Rd8 $17) 18... Nxe3 19. Qxe3 Bd5 {After this move White
prevents Black's castling, and his h8-rook remains out of play.} (19... Qxe3
20. fxe3 Bd5 21. Rc7 (21. Nd6+ Bxd6 22. exd6 O-O 23. e4 Bxb3 $15) 21... Bd8 22.
Nd6+ Ke7 23. Nc8+ Rxc8 24. Rxc8 Bb7 (24... Bxb3 25. Be4 $1) 25. Rc2 Bb6 $15)
20. Qxb6 Nxb6 21. Bb5+ Kd8 $6 {[%csl Rd8]} (21... Kf8 $5 22. Bc6 Bxc6 23. Rxc6
Nd5 $15) 22. Nd6 Bxd6 23. exd6 {[%csl Rh8]} Bxf3 24. gxf3 Nd5 $2 (24... Rc8 $11
) 25. Bc6 Rc8 26. Rc5 Rxc6 {Black has no way to bring his h8-rook into play
without concessions.} 27. Rxc6 Kd7 28. Ra6 $1 Rc8 29. h4 (29. Ra7+ Kxd6 30.
Rxf7 Rc3 31. Rxa5 Rxb3 $132) 29... Rc5 $6 {Black goes for a rook exchange. The
resulting endgame is lost for him, though.} (29... a4 $142 30. R1xa4 Rc1+ 31.
Kg2 {White threatens Ra4-a5-b5. Black must urgently remove his pawns from the
7th rank:} g6 32. R4a5 f6 33. Rb5 Rc6 34. Rxc6 Kxc6 {Still, White should
gradually win in that case, too.}) 30. R1xa5 Rxa5 31. Rxa5 Kxd6 32. Ra7 {
Winning one of Black's pawns.} g5 (32... Ne7 33. Rb7) 33. hxg5 hxg5 34. Rxf7
Ke5 35. Rf8 Nf4 36. Rb8 Nd3 37. Rc8 Ne1 38. Rc4 Nxf3+ 39. Kh1 Ne1 40. Rxb4 Nd3
41. Rb5+ Kd4 42. Kg2 e5 43. Rb8 Kc3 44. f3 Nb4 45. Rb5 Nd3 46. Kg3 Kd4 47. Rb8
1-0